| 000 | 00000nam##2200000za#4500 |
| 001 | 9.614979 |
| 003 | CaOODSP |
| 005 | 20200706133928 |
| 007 | ta |
| 008 | 150406|1999||||xxc||||| f|0| 0 eng|d |
| 020 | |a0-660-17934-2 |
| 022 | |a1200-5223 |
| 040 | |aCaOODSP|beng |
| 043 | |an-cn--- |
| 086 | 1 |aCS11-0019/138E |
| 245 | 04|aThe evolution of pension coverage for young and prime-aged workers in Canada / |cby René Morissette and Marie Drolet. |
| 260 | |aOttawa - Ontario : |bStatistics Canada. |c1999. |
| 300 | |a69p. : |breferences, tables ; |c28 cm. |
| 490 | 1 |aResearch paper series|x1200-5223|v138 |
| 500 | |a"In this paper, we assemble data from several household surveys to document how pension coverage of young and older workers has evolved in Canada between the mid-1980s and the mid-1990s."--Abstract. |
| 520 | 3 |aIn this paper, we assemble data from several household surveys to document how pension coverage of young and older workers has evolved in Canada between the mid-1980s and the mid-1990s.--Abstract |
| 563 | |aSoftcover |
| 590 | |a00-04|b2000-01-28 |
| 710 | 2 |aStatistics Canada. |bAnalytical Studies Branch. |
| 720 | 1 |aMorissette, René |
| 720 | 1 |aDrolet, Marie |
| 775 | 08|tL'évolution de la protection offerte par les pensions aux travailleurs jeunes et plus âgés au Canada / |w(CaOODSP)9.625149 |
| 776 | 0#|tThe evolution of pension coverage for young and prime-aged workers in Canada / |w(CaOODSP)9.574654 |
| 830 | #0|aResearch paper series,|x1200-5223|v138|w(CaOODSP)9.514463 |
| 986 | |a11-0019MPE-137 |